000 00890nam0a22002531 4500
001 RU\NLR\INFOCOMM\LIB1\14056
005 20250617205920.0
035 _a(NLR Aleph) 004325414
090 _a2919658
_c2919658
100 _a20011121d1932 |||y0rusy50 ca
101 0 _afin
102 _aRU
105 _ay ||||000ay
200 1 _aYhteiskunnallisen sosialistisen omaisuuden suojelemisesta ja lujittamisesta
_fN.V.Krylenko
210 _aPetroskoi
_cValtion kustannusliike Kirja
_d1932
215 _a56с.
_d21см
300 _aНа обороте тит. л.:Н.Крыленко.Об охране общественного социалистического имущества
700 1 _aKrylenko
_bN.V.
_f1885
_gNikolai Vasil'evič
_4070
801 1 _aRU
_bInfoComm
_c20011121
801 0 _aRU
_bNLR
_gPSBO
852 _aNLR
_bН
_jФин/3-4097
942 _cBOOK
980 _aNB